000 00487nam a22001337a 4500
005 20241207161328.0
008 240916b ||||| |||| 00| 0 eng d
100 _aAdolfo, Emily N.
_eauthor.
_914057
245 _aSemi-detailed lesson plan in English II (reading) /
_cEmily N. Adolfo.
260 _aPhilippines;
_bPublishers Association of the Philippines, Inc.,
_cJanuary 2018.
300 _aVolume 66, pages 292-293.
700 _aAdolfo, Emily N.
_eauthor.
_914057
942 _2ddc
_cPER
999 _c21646
_d21646